| 000 | 00514nam a2200169 4500 | ||
|---|---|---|---|
| 001 | 4789 | ||
| 005 | 20181127174124.0 | ||
| 090 | 0 | 0 | _a372.64 L775Li 2015 |
| 245 | 0 | 0 |
_aLIT 308 : _bcoursepack / _cRoyal Thimphu College. _h |
| 260 | 0 | 0 |
_aThimphu : _bRoyal Thimphu College, _c2015. |
| 300 | 0 | 0 | _a77 p. |
| 500 | _a""""For LIT 308 program use only"""" | ||
| 500 | _a""""Royal Thimphu College, Thimphu"""" | ||
| 500 | _aLIT 308 Course Pack for Fall 2015. | ||
| 500 | _aXerographic copy in a binder. | ||
| 650 | 0 | 0 |
_aLiterature _x |
| 999 |
_c3974 _d3974 |
||